[Event "11th Sinquefield Cup"]
[Site "Saint Louis USA"]
[Date "2024.08.26"]
[Round "7"]
[White "Praggnanandhaa, Rameshbabu"]
[Black "Nepomniachtchi, Ian"]
[Result "1/2-1/2"]
[WhiteTitle "GM"]
[BlackTitle "GM"]
[WhiteElo "2749"]
[BlackElo "2767"]
[WhiteFideId "25059530"]
[BlackFideId "4168119"]
[EventDate "2024.08.19"]
[PlyCount "37"]

1. e4 e5 2. Nf3 Nf6 3. Nxe5 d6 4. Nf3 Nxe4 5. d4 d5 6. Bd3 Bd6 7. O-O O-O 8. c4 c6 9. Re1 Bg4 10. h3 Bh5 11. Bxe4 dxe4 12. Rxe4 Nd7 13. Nc3 h6 14. Re1 f5 15. Qd3 Nc5 16. Qc2 Nd7 17. Qd3 Nc5 18. Qc2 Nd7 19. Qd3 1/2-1/2

[Event "11th Sinquefield Cup"]
[Site "Saint Louis USA"]
[Date "2024.08.26"]
[Round "7"]
[White "Firouzja, Alireza"]
[Black "Ding Liren"]
[Result "1-0"]
[WhiteTitle "GM"]
[BlackTitle "GM"]
[WhiteElo "2751"]
[BlackElo "2745"]
[WhiteFideId "12573981"]
[BlackFideId "8603677"]
[EventDate "2024.08.19"]
[PlyCount "85"]

1. e4 e5 2. Nf3 Nc6 3. Bc4 Nf6 4. d3 Bc5 5. c3 d6 6. a4 a5 7. Bg5 h6 8. Bh4 Qe7 9. O-O g5 10. Bg3 Bg4 11. Nbd2 Ba7 12. Bb5 O-O 13. Re1 Nh5 14. Kh1 Ng7 15. h3 Bh5 16. Bc4 Kh8 17. Bd5 Nd8 18. d4 f6 19. Nf1 c6 20. Ba2 Nde6 21. Ne3 Rad8 22. Ng4 Kh7 23. Bb1 Bg6 24. Qd2 Nf4 25. Bc2 Qe6 26. Rad1 h5 27. Ngh2 Qf7 28. Nf1 Nfe6 29. Ne3 exd4 30. cxd4 d5 31. exd5 cxd5 32. Bxg6+ Qxg6 33. Qxa5 Bb8 34. Bxb8 Rxb8 35. Qxd5 Nf4 36. Qb5 g4 37. hxg4 hxg4 38. Nh4 Qg5 39. Nef5 Nxf5 40. Qxf5+ Qxf5 41. Re7+ Kh6 42. Nxf5+ Kg6 43. Nh4+ 1-0

[Event "11th Sinquefield Cup"]
[Site "Saint Louis USA"]
[Date "2024.08.27"]
[Round "8"]
[White "Praggnanandhaa, Rameshbabu"]
[Black "Caruana, Fabiano"]
[Result "1/2-1/2"]
[WhiteTitle "GM"]
[BlackTitle "GM"]
[WhiteElo "2749"]
[BlackElo "2793"]
[WhiteFideId "25059530"]
[BlackFideId "2020009"]
[EventDate "2024.08.19"]
[PlyCount "55"]

1. c4 Nf6 2. Nc3 e5 3. Nf3 Nc6 4. g3 d5 5. cxd5 Nxd5 6. Bg2 Bc5 7. O-O O-O 8. d3 h6 9. Nxd5 Qxd5 10. Bd2 Qe6 11. Qc2 Qe7 12. Rac1 Bd6 13. a3 Nd4 14. Nxd4 exd4 15. Rfe1 c6 16. b4 Be6 17. Qb2 Rfd8 18. Qxd4 Bxg3 19. Qc5 Bd6 20. Qh5 f5 21. Bf3 Be5 22. Be3 Qf6 23. Kh1 Bf7 24. Qh3 Be6 25. Qh5 Bf7 26. Qh3 Be6 27. Qh5 Bf7 28. Qh3 1/2-1/2

[Event "11th Sinquefield Cup"]
[Site "Saint Louis USA"]
[Date "2024.08.27"]
[Round "8"]
[White "So, Wesley"]
[Black "Vachier-Lagrave, Maxime"]
[Result "1/2-1/2"]
[WhiteTitle "GM"]
[BlackTitle "GM"]
[WhiteElo "2751"]
[BlackElo "2721"]
[WhiteFideId "5202213"]
[BlackFideId "623539"]
[EventDate "2024.08.19"]
[PlyCount "98"]

1. Nf3 d5 2. d4 Nf6 3. c4 c5 4. cxd5 cxd4 5. Qxd4 Qxd5 6. Nc3 Qxd4 7. Nxd4 a6 8. Bg5 e5 9. Bxf6 gxf6 10. Nc2 Be6 11. g3 Nc6 12. Bg2 O-O-O 13. O-O Nd4 14. Nxd4 exd4 15. Ne4 f5 16. Ng5 Bg7 17. Rfd1 Kb8 18. Nxe6 fxe6 19. Rd3 Rd7 20. e4 Rc8 21. exf5 exf5 22. Rad1 Rc2 23. R1d2 Rxd2 24. Rxd2 d3 25. Bf1 Bxb2 26. Rxd3 Kc7 27. Rf3 b5 28. Rxf5 Rd2 29. Rf7+ Kd6 30. Rf3 Kc5 31. Bh3 Bd4 32. Be6 a5 33. Rf5+ Kd6 34. Bg8 a4 35. Rxb5 Bxf2+ 36. Kh1 Bc5 37. h4 h5 38. Ra5 a3 39. Bb3 Rb2 40. Ra6+ Kd7 41. Rf6 Bd6 42. Rf3 Ke7 43. Rf7+ Kd8 44. Rg7 Be5 45. Rg8+ Kd7 46. Bc4 Rc2 47. Bb3 Rb2 48. Bc4 Rc2 49. Bb3 Rb2 1/2-1/2

[Event "11th Sinquefield Cup"]
[Site "Saint Louis USA"]
[Date "2024.08.27"]
[Round "8"]
[White "Nepomniachtchi, Ian"]
[Black "Firouzja, Alireza"]
[Result "1/2-1/2"]
[WhiteTitle "GM"]
[BlackTitle "GM"]
[WhiteElo "2767"]
[BlackElo "2751"]
[WhiteFideId "4168119"]
[BlackFideId "12573981"]
[EventDate "2024.08.19"]
[PlyCount "159"]

1. e4 e5 2. Nf3 Nc6 3. Nc3 Nf6 4. d4 exd4 5. Nxd4 Bb4 6. Nxc6 bxc6 7. Bd3 d5 8. exd5 O-O 9. O-O Bg4 10. Ne2 cxd5 11. h3 Bh5 12. c4 dxc4 13. Bxc4 Bd6 14. Be3 Re8 15. Re1 Rxe3 16. fxe3 Qe7 17. Qd4 Rd8 18. Nf4 Bc5 19. Qc3 Bb4 20. Qc2 Bxe1 21. Rxe1 Qe5 22. Qb3 Bg6 23. Nxg6 hxg6 24. Bxf7+ Kh7 25. Qc3 Qg3 26. Rf1 Nd5 27. Bxd5 Rxd5 28. Kh1 c5 29. b3 Qd6 30. e4 Rd2 31. a4 Rd3 32. Qc4 Re3 33. Qd5 Qxd5 34. exd5 Rxb3 35. Rc1 Ra3 36. Rd1 Re3 37. Kg1 c4 38. Kf2 Re8 39. Kf3 c3 40. d6 Rd8 41. Ke4 c2 42. Rc1 Rxd6 43. Rxc2 Kh6 44. Rc5 Rd2 45. Kf3 Rd3+ 46. Ke2 Rg3 47. Kf2 Rb3 48. Ra5 Rb7 49. h4 Rb2+ 50. Kg3 Rb3+ 51. Kg4 Rb4+ 52. Kh3 Rb3+ 53. g3 Rb7 54. Ra6 Rc7 55. Ra5 Rb7 56. Ra6 Rc7 57. a5 Rb7 58. Rc6 Rb5 59. a6 Ra5 60. Kg4 Ra4+ 61. Kh3 Ra3 62. Re6 Kh5 63. Re5+ Kh6 64. Re6 Kh5 65. Re8 g5 66. Rh8+ Kg6 67. h5+ Kf7 68. Kg4 Rxa6 69. Kxg5 Ra5+ 70. Kh4 g6 71. h6 Rh5+ 72. Kg4 Kf6 73. Rf8+ Ke7 74. Ra8 Kf6 75. Rxa7 Rxh6 76. Ra6+ Kg7 77. Ra7+ Kf6 78. Ra6+ Kg7 79. Ra7+ Kf6 80. Ra6+ 1/2-1/2

[Event "11th Sinquefield Cup"]
[Site "Saint Louis USA"]
[Date "2024.08.28"]
[Round "9"]
[White "Abdusattorov, Nodirbek"]
[Black "Nepomniachtchi, Ian"]
[Result "1-0"]
[WhiteTitle "GM"]
[BlackTitle "GM"]
[WhiteElo "2762"]
[BlackElo "2767"]
[WhiteFideId "14204118"]
[BlackFideId "4168119"]
[EventDate "2024.08.19"]
[PlyCount "53"]

1. d4 Nf6 2. Nf3 g6 3. c4 Bg7 4. Nc3 d5 5. e3 O-O 6. Bd2 c6 7. Qb3 Qb6 8. Qa3 Bf5 9. Rc1 Nbd7 10. cxd5 cxd5 11. Be2 Rfc8 12. O-O Bf8 13. Na4 Qd8 14. Qb3 Rcb8 15. Nc3 e6 16. h3 Ne4 17. g4 Nxc3 18. Bxc3 Be4 19. Ne5 Nxe5 20. dxe5 Qh4 21. Be1 Qxh3 22. f3 Bh6 23. Rf2 Qg3+ 24. Rg2 Qxe5 25. Bg3 Qf6 26. fxe4 dxe4 27. Rf2 1-0

[Event "11th Sinquefield Cup"]
[Site "Saint Louis USA"]
[Date "2024.08.28"]
[Round "9"]
[White "Caruana, Fabiano"]
[Black "Giri, Anish"]
[Result "1-0"]
[WhiteTitle "GM"]
[BlackTitle "GM"]
[WhiteElo "2793"]
[BlackElo "2746"]
[WhiteFideId "2020009"]
[BlackFideId "24116068"]
[EventDate "2024.08.19"]
[PlyCount "93"]

1. c4 Nf6 2. Nf3 e6 3. g3 d5 4. Bg2 Be7 5. O-O O-O 6. d3 c5 7. Ne5 Nbd7 8. Nxd7 Bxd7 9. e4 dxe4 10. dxe4 Bc6 11. Qe2 Nd7 12. f4 a6 13. a4 Qc7 14. Nc3 Bf6 15. e5 Bxg2 16. Kxg2 Be7 17. Bd2 Rae8 18. Ne4 Qc6 19. Qf3 f5 20. exf6 gxf6 21. Bc3 f5 22. Rfd1 Nb6 23. Nd2 Qxf3+ 24. Kxf3 Rd8 25. Ke2 Rd6 26. a5 Nd7 27. Ne4 Rxd1 28. Rxd1 Rd8 29. Nd6 Nf6 30. Bxf6 Bxf6 31. Nxb7 Rxd1 32. Kxd1 Be7 33. b4 cxb4 34. c5 Kf7 35. Kc2 Ke8 36. c6 Bf8 37. Kb3 Be7 38. Kc4 h5 39. Kd3 Bf8 40. Kd4 Bg7+ 41. Kc5 Bf8+ 42. Kb6 b3 43. c7 Kd7 44. Nc5+ Kc8 45. Nxb3 Bd6 46. Nd4 Bxc7+ 47. Kxa6 1-0

[Event "11th Sinquefield Cup"]
[Site "Saint Louis USA"]
[Date "2024.08.28"]
[Round "9"]
[White "Firouzja, Alireza"]
[Black "Praggnanandhaa, Rameshbabu"]
[Result "1/2-1/2"]
[WhiteTitle "GM"]
[BlackTitle "GM"]
[WhiteElo "2751"]
[BlackElo "2749"]
[WhiteFideId "12573981"]
[BlackFideId "25059530"]
[EventDate "2024.08.19"]
[PlyCount "93"]

1. e4 e6 2. d4 d5 3. Nc3 Nf6 4. Bg5 Bb4 5. exd5 Qxd5 6. Nf3 Ne4 7. Bd2 Bxc3 8. bxc3 Nxd2 9. Qxd2 b6 10. Bd3 Bb7 11. O-O Nd7 12. Rfe1 Qd6 13. Qe3 Bxf3 14. Qxf3 O-O 15. a4 c5 16. a5 Rad8 17. axb6 axb6 18. Qg3 Nf6 19. Reb1 cxd4 20. Qxd6 Rxd6 21. cxd4 Rxd4 22. Rxb6 Nd7 23. Rc6 Ne5 24. Rc3 g6 25. Ra5 Rb8 26. Bf1 Ng4 27. h3 Nf6 28. Rd3 Re4 29. Rd1 Reb4 30. g3 Rc8 31. Bd3 h5 32. h4 Kg7 33. Kg2 Rc7 34. Rda1 Ng4 35. Ra7 Rxa7 36. Rxa7 Kf6 37. Rc7 Rb1 38. Be2 Ne5 39. Bf3 Re1 40. Bb7 Rd1 41. Ba6 Kg7 42. Rc5 Re1 43. Rc7 Rd1 44. Rc5 Kf6 45. Rc7 Rd2 46. Kf1 Rd1+ 47. Kg2 1/2-1/2

[Event "11th Sinquefield Cup"]
[Site "Saint Louis USA"]
[Date "2024.08.28"]
[Round "9"]
[White "Vachier-Lagrave, Maxime"]
[Black "Ding Liren"]
[Result "1-0"]
[WhiteTitle "GM"]
[BlackTitle "GM"]
[WhiteElo "2721"]
[BlackElo "2745"]
[WhiteFideId "623539"]
[BlackFideId "8603677"]
[EventDate "2024.08.19"]
[PlyCount "73"]

1. e4 e5 2. Nf3 Nc6 3. Bb5 a6 4. Ba4 Nf6 5. d3 b5 6. Bb3 Bc5 7. c3 d6 8. Bg5 h6 9. Bh4 Ba7 10. O-O Na5 11. Bc2 c5 12. Nbd2 g5 13. Bg3 Nh5 14. h3 Rb8 15. Kh1 Rb7 16. Nh2 Nf4 17. Ng4 h5 18. Ne3 g4 19. h4 Ng6 20. Qe1 Kf8 21. f3 c4 22. dxc4 Bxe3 23. Qxe3 Nxc4 24. Nxc4 bxc4 25. b4 gxf3 26. Qxf3 Bg4 27. Qf2 Kg7 28. a4 Re8 29. Bd1 Rd7 30. a5 Nf4 31. Ba4 Nd3 32. Qb6 Re6 33. Bxd7 Qxd7 34. Qxa6 Be2 35. Rf5 Rg6 36. Kh2 d5 37. Rg5 1-0